000 00783cam a2200217 4500
001 WB3714-42
008 000000n2001 000 0 eng u
035 _a(Sirsi) u111882
245 _aFinal phase of CTRL gets green light
260 _c2001
490 _aDETR News Release
_v(207) 3 April 2001 (5)
520 _aThe Deputy Prime Minister predicts that the final phase of the Channel Tunnel Rail Link (CTRL) will be a major regeneration boost for East London, East Kent and the Thames Gateway. See CTRL website for update on project http://www.ctrl.co.uk .
590 _aWB
650 _aCHANNEL TUNNEL RAIL LINK
650 _aURBAN REGENERATION
650 _aTHAMES GATEWAY
650 _aEAST LONDON
650 _aEAST KENT
690 _aREGENERATION
942 _n0
999 _c66679
_d66679